| 000 | 00874nam a22002417a 4500 | ||
|---|---|---|---|
| 008 | 130821s1965 it gr ita | ||
| 040 |
_aCo-BoUCM _bspa |
||
| 041 | 0 | 0 | _aita |
| 092 | _aFM 000151 | ||
| 100 |
_aSemenzato, Camillo _9123818 |
||
| 245 | 0 | 0 |
_aGiotto, la cappella degli Scrovegni _cDi Camillo Semenzato |
| 260 |
_aMilán (Italia) _bSadea/Sansoni Editori _c1965 |
||
| 300 | _a40 páginas | ||
| 490 | _aForma e Colore I Grandi Cicli Dell'Arte; 33 | ||
| 500 | _aIncluye bibliografía e índice. -- Este libro se encuentra en el depósito de la biblioteca | ||
| 600 |
_aBondone, Giotto di _d1266-1337 _9123790 |
||
| 600 |
_aBondone, Giotto di _d1266-1337 _xTrabajos pictóricos _9123791 |
||
| 650 | 0 | 4 |
_aArte cristiano _99463 |
| 650 | 0 | 4 |
_aPintura italiana _921556 |
| 650 | 0 | 4 |
_aPintura religiosa _921565 |
| 650 | 0 | 4 |
_aPinturas _921575 |
| 942 |
_cLIBRO _a27 _e1 _n0 |
||
| 999 |
_c84949 _d84949 |
||